000 01027nam a22003257a 4500
003 CHAP
005 20220329141455.0
008 971013s1984 r 00010 d
010 _a68737
011 _a69709
035 _a79186
040 _cCHAP
082 _a631.5
_bM3
100 0 0 _aMathewson, Kent.
_973006
245 _aIrrigation horticulture in highland Guatemala
_b: the Tablón system of Panajachel
260 _aBoulder, Colorado :
_bWestview Press,
_c1984
300 _a180 p.
_b: ilus.
500 _a31-131
590 _aBATCH-UPD
_b10
_c20130110
_lUCH01
_h0645
590 _aBATCH-UPD
_b10
_c20130410
_lUCH01
_h0330
590 _aBATCH-UPD
_b10
_c20130914
_lUCH01
_h0926
590 _aCONVERSION
_b10
_c20130109
_lUCH01
_h1338
650 1 4 _aChinampas.
_922577
650 1 4 _aHorticultura
_xGuatemala.
_956337
650 1 4 _aIrrigación.
_960366
650 1 4 _aMayas
_xAgricultura.
_973210
901 _aBK
942 _cLIBRO
949 _a631.5 M3
_bBC
_cLIBRO
_d33724000081071
_eLIBRO
_gI.133643
_h70494
_i79186
_si
_t23.34
999 _c68737
_d68737